<The> Establishing of quality management system at university level

Problémy tvorby efektívneho systému manažérstva kvality na slovenských univerzitách. Charakteristika základných princípov manažérstva kvality. Zabezpečenie kvality na univerzitách. Základné princípy samoevalvácie ako základu evalvačného systému na univerzitách. Problémy tvorby interného systému kval...

Ausführliche Beschreibung

Gespeichert in:
Bibliographische Detailangaben
1. Verfasser: Terek, Milan
Weitere Verfasser: Muchová, Eva, 1961-
Format: Buchkapitel
Sprache:Englisch
Schlagworte:
Tags: Tag hinzufügen
Keine Tags, Fügen Sie das erste Tag hinzu!

MARC

LEADER 00000naa$a2200000$$$4500
001 0022612
005 20240502071413.6
041 0 |a eng 
044 |a SK 
245 1 0 |a <The> Establishing of quality management system at university level  |c Milan Terek, Eva Muchová 
520 |a Problémy tvorby efektívneho systému manažérstva kvality na slovenských univerzitách. Charakteristika základných princípov manažérstva kvality. Zabezpečenie kvality na univerzitách. Základné princípy samoevalvácie ako základu evalvačného systému na univerzitách. Problémy tvorby interného systému kvality na slovenských univerzitách. Návrh nového študijného programu, monitorovania a hodnotenia študijného programu a výučbového kurzu, .Zásady a procesy hospitačného systému a účasti študentov a absolventov na hodnotení. Metódy hodnotenia kvality vo vedecko-výskumnej činnosti. Analýza problémov implementácie systému manažérstva kvality na univerzite. 
610 2 0 |a kvalita 
610 2 0 |a školy vysoké 
610 2 0 |a univerzity 
610 2 0 |a programy študijné 
610 2 0 |a vyučovanie 
610 2 0 |a výučba vedecká 
610 2 0 |a riadenie kvality 
610 2 0 |a študenti 
100 1 |a Terek, Milan 
700 1 |a Muchová, Eva, 1961-